Tsunami recovery in Sri Lanka : (Record no. 14508)
[ view plain ]
| 000 -LEADER | |
|---|---|
| fixed length control field | 01198cam a2200313 a 4500 |
| 001 - CONTROL NUMBER | |
| control field | 15898008 |
| 005 - DATE AND TIME OF LATEST TRANSACTION | |
| control field | 20170105102856.0 |
| 008 - FIXED-LENGTH DATA ELEMENTS--GENERAL INFORMATION | |
| fixed length control field | 090908s2010 enkab b 001 0 eng |
| 010 ## - LIBRARY OF CONGRESS CONTROL NUMBER | |
| LC control number | 2009035634 |
| 020 ## - INTERNATIONAL STANDARD BOOK NUMBER | |
| International Standard Book Number | 9780415778770 |
| 020 ## - INTERNATIONAL STANDARD BOOK NUMBER | |
| International Standard Book Number | 9780203856512 (ebook) |
| 040 ## - CATALOGING SOURCE | |
| Original cataloging agency | DLC |
| Transcribing agency | DLC |
| Modifying agency | DLC |
| 043 ## - GEOGRAPHIC AREA CODE | |
| Geographic area code | as----- |
| 050 #0 - LIBRARY OF CONGRESS CALL NUMBER | |
| Classification number | HV603 2004 .S644 |
| Item number | T78 2010 |
| 082 00 - DEWEY DECIMAL CLASSIFICATION NUMBER | |
| Classification number | 363.34/948095493 |
| Edition number | 22 |
| 245 00 - TITLE STATEMENT | |
| Title | Tsunami recovery in Sri Lanka : |
| Remainder of title | ethnic and regional dimensions / |
| Statement of responsibility, etc. | edited by Dennis B. McGilvray and Michele R. Gamburd. |
| 260 ## - PUBLICATION, DISTRIBUTION, ETC. | |
| Place of publication, distribution, etc. | Milton Park, Abingdon, Oxon ; |
| -- | New York : |
| Name of publisher, distributor, etc. | Routledge, |
| Date of publication, distribution, etc. | 2010. |
| 300 ## - PHYSICAL DESCRIPTION | |
| Extent | xix, 188 p. : |
| Other physical details | ill., map ; |
| Dimensions | 25 cm. |
| 490 0# - SERIES STATEMENT | |
| Series statement | Routledge contemporary south Asia series ; |
| Volume/sequential designation | 27 |
| 504 ## - BIBLIOGRAPHY, ETC. NOTE | |
| Bibliography, etc. note | Includes bibliographical references (p. [167]-180) and index. |
| 650 #0 - SUBJECT ADDED ENTRY--TOPICAL TERM | |
| Topical term or geographic name entry element | Disaster relief |
| Geographic subdivision | Asia, Southeast. |
| 650 #0 - SUBJECT ADDED ENTRY--TOPICAL TERM | |
| Topical term or geographic name entry element | Tsunamis |
| Geographic subdivision | Asia, Southeast. |
| 650 #0 - SUBJECT ADDED ENTRY--TOPICAL TERM | |
| Topical term or geographic name entry element | Indian Ocean Tsunami, 2004. |
| 700 1# - ADDED ENTRY--PERSONAL NAME | |
| Personal name | McGilvray, Dennis B. |
| 700 1# - ADDED ENTRY--PERSONAL NAME | |
| Personal name | Gamburd, Michele Ruth, |
| Dates associated with a name | 1965- |
| 906 ## - LOCAL DATA ELEMENT F, LDF (RLIN) | |
| a | 7 |
| b | cbc |
| c | orignew |
| d | 1 |
| e | ecip |
| f | 20 |
| g | y-gencatlg |
| 942 ## - ADDED ENTRY ELEMENTS (KOHA) | |
| Source of classification or shelving scheme | |
| Koha item type | Book |
| Withdrawn status | Lost status | Damaged status | Not for loan | Collection code | Permanent Location | Current Location | Shelving location | Date acquired | Total Checkouts | Full call number | Barcode | Date last seen | Price effective from | Koha item type |
|---|---|---|---|---|---|---|---|---|---|---|---|---|---|---|
| Centre for International Peace & Stability (CIPS) | Centre for International Peace & Stability (CIPS) | General Stacks | 363.34948 TSU 2010 | CIPS0000233 | 09/05/2013 | 09/05/2013 | Book |
